Vincitrici David di Donatello per la migliore attrice protagonista - Statistics

Statistiche generali
  • Questo quiz è stato fatto 45 volte
  • Il punteggio medio è 36 su 72
Statistiche sulle risposte
Anno Film Attrice % Corretto
1961 La ciociara Sophia Loren
91%
1964 Ieri, oggi, domani Sophia Loren
91%
1965 Matrimonio all'italiana Sophia Loren
91%
1970 I girasoli Sophia Loren
91%
1974 Il viaggio Sophia Loren
91%
1978 Una giornata particolare Sophia Loren
91%
2021 La vita davanti a sé Sophia Loren
91%
1958 Selvaggio è il vento Anna Magnani
79%
1959 Nella città l'inferno Anna Magnani
79%
1956 La donna più bella del mondo Gina Lollobrigida
79%
1963 Venere imperiale Gina Lollobrigida
79%
1969 Buonasera, signora Campbell Gina Lollobrigida
79%
1969 La ragazza con la pistola Monica Vitti
73%
1971 Ninì Tirabusciò, la donna che inventò la mossa Monica Vitti
73%
1974 Polvere di stelle Monica Vitti
73%
1976 L'anatra all'arancia Monica Vitti
73%
1979 Amori miei Monica Vitti
73%
1966 Giulietta degli spiriti Giulietta Masina
70%
1968 Il giorno della civetta Claudia Cardinale
67%
1972 Bello, onesto, emigrato Australia sposerebbe compaesana illibata Claudia Cardinale
67%
2011 Nessuno mi può giudicare Paola Cortellesi
67%
1975 La poliziotta Mariangela Melato
64%
1977 Caro Michele Mariangela Melato
64%
1978 Il gatto Mariangela Melato
64%
1981 Aiutami a sognare Mariangela Melato
64%
2003 La finestra di fronte Giovanna Mezzogiorno
61%
1991 La stazione Margherita Buy
61%
1999 Fuori dal mondo Margherita Buy
61%
2008 Giorni e nuvole Margherita Buy
61%
2013 Viaggio sola Margherita Buy
61%
2015 Mia madre Margherita Buy
61%
1963 Il processo di Verona Silvana Mangano
61%
1967 Le streghe Silvana Mangano
61%
1973 Lo scopone scientifico Silvana Mangano
61%
1982 Borotalco Eleonora Giorgi
58%
2001 La stanza del figlio Laura Morante
48%
2006 La guerra di Mario Valeria Golino
48%
1990 Ne parliamo lunedì Elena Sofia Ricci
45%
2019 Loro Elena Sofia Ricci
45%
2010 La prima cosa bella Micaela Ramazzotti
45%
2004 Non ti muovere Penélope Cruz
45%
1989 Mignon è partita Stefania Sandrelli
45%
1980 La cicala Virna Lisi
45%
1994 Perdiamoci di vista Asia Argento
42%
1997 Compagna di viaggio Asia Argento
42%
1983 Io, Chiara e lo Scuro Giuliana De Sio
39%
1992 Cattiva Giuliana De Sio
39%
2018 Fortunata Jasmine Trinca
33%
2020 La dea fortuna Jasmine Trinca
33%
1996 La seconda volta Valeria Bruni Tedeschi
33%
1998 La parola amore esiste Valeria Bruni Tedeschi
33%
2014 Il capitale umano Valeria Bruni Tedeschi
33%
2017 La pazza gioia Valeria Bruni Tedeschi
33%
2009 Il papà di Giovanna Alba Rohrwacher
30%
1984 Mi manda Picone Lina Sastri
27%
1985 Segreti segreti Lina Sastri
27%
2016 Lo chiamavano Jeeg Robot Ilenia Pastorelli
24%
2002 Incantesimo napoletano Marina Confalone
24%
2005 Cuore sacro Barbora Bobuľová
21%
2007 La sconosciuta Ksenia Rappoport
21%
1981 Passione d'amore Valeria D'Obici
21%
1971 Anonimo veneziano Florinda Bolkan
18%
1973 Cari genitori Florinda Bolkan
18%
2000 Pane e tulipani Licia Maglietta
15%
1995 L'amore molesto Anna Bonaiuto
12%
2022 A Chiara Swamy Rotolo
12%
2023 Settembre Barbara Ronchi
9%
2012 Io sono Li Zhao Tao
9%
1986 Un complicato intrigo di donne, vicoli e delitti Ángela Molina
6%
1987 Mosca addio Liv Ullmann
6%
1993 Verso sud Antonella Ponziani
3%
1988 Oci ciornie Elena Safonova
3%
Nessun quiz corrispondente trovato
Distribuzione punteggi
Percentuale di utenti per punteggio
Percentile per numero di risposta
I tuoi punteggi nel tempo
Non hai fatto questo quiz